| 000 | 01469cad a22002775a 4500 | ||
|---|---|---|---|
| 001 | L159813 | ||
| 008 | 110517s2018 xxk 000 0 eng u | ||
| 020 | _a9781783212224 | ||
| 035 | _a(Sirsi) u159813 | ||
| 041 | 0 | _aeng | |
| 050 | 0 | 4 | _a368.1 $2 18 |
| 110 | 2 |
_aRoyal Institution of Chartered Surveyors _94900 |
|
| 245 | 0 | 0 |
_aReinstatement cost assessments of buildings _h[electronic resource] |
| 250 | _a3rd ed. | ||
| 260 |
_aLondon, _bRoyal Institution of Chartered Surveyors, _c2018 |
||
| 490 | 0 | _aRICS Guidance Note | |
| 520 | _aIntended as a guide for surveyors who carry out reinstatement cost assessments of buildings. It provides detailed recommendations on the manner in which assessments should be approached; the nature and extent of the information to be collated and the manner in which this information should be processed and the assessment calculated and submitted. | ||
| 520 | _aSupersedes second edition (ISBN 9781842196656). | ||
| 520 | _aEffective from 1 June 2018. | ||
| 590 | _aKA | ||
| 650 | _2REINSTATEMENT COST | ||
| 651 | 4 | _aUnited Kingdom | |
| 690 | _aPROPERTY-PROPERTY VALUATION AND APPRAISAL-INSURANCE VALUATION-PROPERTY INSURANCE ASSESSMENT-REINSTATEMENT COST ASSESSMENT | ||
| 856 | 4 | 1 |
_uhttps://www.rics.org/globalassets/rics-website/media/upholding-professional-standards/sector-standards/building-surveying/reinstatement-cost-assessment-of-buildings-3rd-edition-oct18.pdf _zAvailable free on RICS.org |
| 942 |
_n0 _2ddc |
||
| 999 |
_c116122 _d116122 |
||